Présidents français par image - Statistiques

Statistiques générales
  • Ce quiz a été pris 69 fois
  • Le résultat moyen est 14 sur 25
Statistiques - réponses
Par images Réponse % Correct
Emmanuel Macron
100%
François Hollande
100%
Jacques Chirac
97%
Nicolas Sarkozy
97%
Valéry Giscard-d'Estaing
92%
Charles de Gaulle
87%
Georges Pompidou
87%
François Mitterand
85%
Louis-Napoléon Bonaparte
77%
Adolphe Thiers
46%
Patrice de Mac-Mahon
44%
René Coty
44%
Raymond Poincaré
41%
Paul Doumer
38%
Sadi Carnot
38%
Vincent Auriol
36%
Albert Lebrun
33%
Gaston Doumergue
31%
Jules Grévy
31%
Armand Fallières
28%
Félix Faure
28%
Jean Casimir-Perier
28%
Alexandre Millerand
26%
Emile Loubet
26%
Paul Deschanel
26%
Aucun quiz correspondant
Distribution des résultats
% des personnes avec chaque résultat
Percentile par nombre de réponses
Votre historique - résultats
Vous n’avez pas pris ce quiz